000
00314 a2200157 4500
001
182762
020
_a
040
_c
Magnum
100
_a
Azevedo, Artur
240
1
0
_a
Contos escolhidos
_l
por
245
1
0
_a
Contos escolhidos
300
_a
158
362
0
_a
1997
697
_a
LITERATURA GERAL
942
_c
BK
999
_c
182762
_d
182762